[Event "Nuremberg LGA Cup 7th"]
[Site "Nuremberg"]
[Date "2010.09.04"]
[Round "4"]
[White "Redzepovic, Irfan"]
[Black "Sheremet, Michael"]
[Result "1-0"]
[WhiteElo "2102"]
[BlackElo "2266"]
[PlyCount "97"]
[EventDate "2010.09.02"]
[EventType "swiss"]
[EventRounds "7"]
[EventCountry "GER"]
[SourceTitle "CBM 138 Extra"]
[Source "ChessBase"]
[SourceDate "2010.10.29"]
[SourceVersion "1"]
[SourceVersionDate "2010.10.29"]
[SourceQuality "1"]

1. d4 d5 2. c4 c6 3. Nf3 Nf6 4. e3 Bf5 5. cxd5 cxd5 6. Nc3 e6 7. Qb3 Qb6 8. Bb5+ Nc6 9. Ne5 Rc8 10. Bd2 Bd6 11. Rc1 Bxe5 12. dxe5 Nd7 13. Na4 Qd8 14. f4 0-0 15. 0-0 f6 16. Be2 Rc7 17. g4 Bg6 18. f5 Bf7 19. exf6 Nxf6 20. fxe6 Bxe6 21. Nc5 Qd6 22. Qa4 b5 23. Qf4 Qxf4 24. Rxf4 Bc8 25. g5 Ne4 26. Nxe4 dxe4 27. Bxb5 Rxf4 28. exf4 Bb7 29. Be3 a6 30. Bc4+ Kf8 31. Bd5 Rc8 32. f5 Nd8 33. Rxc8 Bxc8 34. Bxe4 Nf7 35. h4 h6 36. Bf4 Ke7 37. Kf2 hxg5 38. hxg5 Nd6 39. Bxd6+ Kxd6 40. Kf3 Ke5 41. Bd3 a5 42. a3 Bd7 43. b4 Kd4 44. f6 gxf6 45. gxf6 Be8 46. Kf4 axb4 47. axb4 Kxd3 48. b5 Kd4 49. b6 1-0

[Event "Nuremberg LGA Cup 7th"]
[Site "Nuremberg"]
[Date "2010.09.03"]
[Round "2"]
[White "Bischoff, Klaus"]
[Black "Sheremet, Michael"]
[Result "1-0"]
[WhiteElo "2553"]
[BlackElo "2266"]
[PlyCount "89"]
[EventDate "2010.09.02"]
[EventType "swiss"]
[EventRounds "7"]
[EventCountry "GER"]
[SourceTitle "CBM 138 Extra"]
[Source "ChessBase"]
[SourceDate "2010.10.29"]
[SourceVersion "1"]
[SourceVersionDate "2010.10.29"]
[SourceQuality "1"]

1. d4 d5 2. c4 e6 3. Nc3 Be7 4. Nf3 Nf6 5. Bg5 0-0 6. e3 c6 7. Qc2 Nbd7 8. h3 Re8 9. a3 dxc4 10. Bxc4 Nd5 11. Bxe7 Qxe7 12. 0-0 Nxc3 13. bxc3 c5 14. a4 b6 15. Bd3 h6 16. e4 Bb7 17. Rfe1 Rac8 18. Qb2 Rc7 19. a5 Rec8 20. axb6 axb6 21. Ra7 Ra8 22. Rxa8+ Bxa8 23. d5 c4 24. Bb1 Rc8 25. Nd4 exd5 26. e5 Re8 27. Bf5 Nxe5 28. f4 Qh4 29. Rxe5 Rxe5 30. fxe5 Qe1+ 31. Kh2 Qxe5+ 32. g3 g6 33. Bg4 h5 34. Bf3 h4 35. Qf2 b5 36. Nxb5 Qb8 37. Nd4 hxg3+ 38. Qxg3 Qb2+ 39. Bg2 Bb7 40. h4 Bc8 41. h5 Qd2 42. hxg6 fxg6 43. Qxg6+ Kf8 44. Qf6+ Kg8 45. Nc6 1-0

[Event "Nuremberg LGA Cup 7th"]
[Site "Nuremberg"]
[Date "2010.09.03"]
[Round "3"]
[White "Sheremet, Michael"]
[Black "Miller, Eduard"]
[Result "1/2-1/2"]
[WhiteElo "2266"]
[BlackElo "2110"]
[PlyCount "41"]
[EventDate "2010.09.02"]
[EventType "swiss"]
[EventRounds "7"]
[EventCountry "GER"]
[SourceTitle "CBM 138 Extra"]
[Source "ChessBase"]
[SourceDate "2010.10.29"]
[SourceVersion "1"]
[SourceVersionDate "2010.10.29"]
[SourceQuality "1"]

1. d4 d5 2. Nf3 Nf6 3. Bf4 c6 4. c3 Bf5 5. e3 e6 6. Nbd2 Be7 7. h3 h6 8. Be2 Nbd7 9. 0-0 0-0 10. Re1 Bh7 11. Ne5 Nxe5 12. Bxe5 Bd6 13. Bxd6 Qxd6 14. Bf3 Rfd8 15. e4 Nxe4 16. Nxe4 Bxe4 17. Bxe4 dxe4 18. Rxe4 Rd7 19. Qh5 Rad8 20. a3 Qd5 21. Qe2 1/2-1/2

[Event "Nuremberg LGA Cup 7th"]
[Site "Nuremberg"]
[Date "2010.09.02"]
[Round "1"]
[White "Sheremet, Michael"]
[Black "Sha, Siyu"]
[Result "1-0"]
[WhiteElo "2266"]
[BlackElo "1918"]
[PlyCount "75"]
[EventDate "2010.09.02"]
[EventType "swiss"]
[EventRounds "7"]
[EventCountry "GER"]
[SourceTitle "CBM 138 Extra"]
[Source "ChessBase"]
[SourceDate "2010.10.29"]
[SourceVersion "1"]
[SourceVersionDate "2010.10.29"]
[SourceQuality "1"]

1. d4 Nf6 2. Nf3 g6 3. g3 Bg7 4. Bg2 0-0 5. 0-0 d6 6. c4 c5 7. d5 Na6 8. Nc3 Bd7 9. e4 Nc7 10. a4 a6 11. a5 Rb8 12. e5 Ng4 13. exd6 exd6 14. Bf4 Ne8 15. h3 Ne5 16. Nxe5 Bxe5 17. Bxe5 dxe5 18. Qe2 Nd6 19. Qxe5 Nxc4 20. Qf4 Nxa5 21. Ne4 Nb3 22. Qh6 f6 23. Ra3 Qb6 24. h4 Nd4 25. h5 Nf5 26. Qd2 gxh5 27. Qf4 Rbd8 28. d6 Qxb2 29. Rc3 b6 30. Kh1 Kh8 31. Rd1 Nd4 32. Rcd3 a5 33. Qh6 Ne6 34. R3d2 Qb4 35. Nxf6 Rxf6 36. Qxf6+ Kg8 37. Bd5 Rf8 38. Bxe6+ 1-0

[Event "Mittelfranken-chTB1 0809"]
[Site "Mittelfranken"]
[Date "2009.04.26"]
[Round "9.8"]
[White "Martin, Hans"]
[Black "Sheremet, Michael"]
[Result "0-1"]
[WhiteElo "1752"]
[BlackElo "1985"]
[PlyCount "34"]
[EventDate "2008.10.12"]
[EventType "team"]
[EventRounds "9"]
[EventCountry "GER"]
[SourceTitle "EXT 2011"]
[Source "ChessBase"]
[SourceDate "2010.11.26"]
[SourceVersion "1"]
[SourceVersionDate "2010.11.26"]
[SourceQuality "1"]
[WhiteTeam "Buechenbach/Roth"]
[BlackTeam "Fuerth SZ"]
[WhiteTeamCountry "GER"]
[BlackTeamCountry "GER"]

1. e4 g6 2. d4 Bg7 3. Nf3 d6 4. Bc4 Nf6 5. Nc3 0-0 6. Be3 c6 7. a3 d5 8. exd5 cxd5 9. Bb3 Nc6 10. h3 b6 11. Ne5 Na5 12. Ng4 Nxb3 13. Nxf6+ Bxf6 14. cxb3 Ba6 15. h4 e5 16. Qg4 h5 17. Qd1 exd4 0-1

[Event "Mittelfranken-chTB1 0809"]
[Site "Mittelfranken"]
[Date "2009.01.11"]
[Round "4.8"]
[White "Sheremet, Michael"]
[Black "Koerber, Thomas"]
[Result "1-0"]
[WhiteElo "1985"]
[BlackElo "1891"]
[PlyCount "45"]
[EventDate "2008.10.12"]
[EventType "team"]
[EventRounds "9"]
[EventCountry "GER"]
[SourceTitle "EXT 2011"]
[Source "ChessBase"]
[SourceDate "2010.11.26"]
[SourceVersion "1"]
[SourceVersionDate "2010.11.26"]
[SourceQuality "1"]
[WhiteTeam "Fuerth SZ"]
[BlackTeam "Fuerth SF"]
[WhiteTeamCountry "GER"]
[BlackTeamCountry "GER"]

1. d4 f5 2. e4 fxe4 3. Nc3 Nf6 4. f3 d5 5. fxe4 dxe4 6. Bg5 Bf5 7. Bc4 Nbd7 8. Nge2 c6 9. 0-0 Bg4 10. h3 Bh5 11. g4 Bf7 12. Bxf7+ Kxf7 13. Nxe4 Kg8 14. Qd3 Nb6 15. Nf4 Nbd5 16. Rae1 Nxf4 17. Bxf4 h6 18. Be5 b6 19. Ng3 Qd7 20. Qg6 Qe8 21. Qd3 Qd7 22. c3 Rd8 23. Nh5 1-0

[Event "Mittelfranken-chTB1 0809"]
[Site "Mittelfranken"]
[Date "2008.10.12"]
[Round "1.8"]
[White "Naegelein, Franz Albert"]
[Black "Sheremet, Michael"]
[Result "1/2-1/2"]
[WhiteElo "1833"]
[BlackElo "1985"]
[PlyCount "153"]
[EventDate "2008.10.12"]
[EventType "team"]
[EventRounds "9"]
[EventCountry "GER"]
[SourceTitle "EXT 2011"]
[Source "ChessBase"]
[SourceDate "2010.11.26"]
[SourceVersion "1"]
[SourceVersionDate "2010.11.26"]
[SourceQuality "1"]
[WhiteTeam "Postbauer II"]
[BlackTeam "Fuerth SZ"]
[WhiteTeamCountry "GER"]
[BlackTeamCountry "GER"]

1. e4 d6 2. Bc4 Nf6 3. d3 g6 4. Nf3 Bg7 5. Nc3 0-0 6. 0-0 c6 7. Bb3 Nbd7 8. a3 Qa5 9. Ne2 b5 10. Bd2 Qc7 11. Qc1 c5 12. c3 c4 13. Bc2 cxd3 14. Bxd3 Nc5 15. Qc2 Bb7 16. Ng3 Nxd3 17. Qxd3 Qc4 18. Qxc4 bxc4 19. Rfe1 Nd7 20. Be3 Bc6 21. Bd4 a6 22. Nd2 e5 23. Be3 f5 24. exf5 gxf5 25. f4 Bd5 26. Re2 Rab8 27. Ndf1 Be4 28. Nxe4 fxe4 29. g3 d5 30. Rd1 Rb5 31. Red2 exf4 32. Bxf4 Be5 33. Rxd5 Bxf4 34. Rxb5 axb5 35. gxf4 Nc5 36. Rd5 Nd3 37. f5 Nxb2 38. Ne3 Na4 39. Nd1 e3 40. Kf1 Kf7 41. Ke2 Kf6 42. Rxb5 Rd8 43. Ra5 Rd2+ 44. Ke1 Nb2 45. Nxe3 Rd7 46. h4 Nd3+ 47. Ke2 Re7 48. Ra6+ Kf7 49. Rh6 Kg8 50. Kd2 Rd7 51. Ke2 Nc1+ 52. Kf3 Rd3 53. Rc6 Na2 54. Rxc4 Nxc3 55. a4 Nd1 56. Re4 Ra3 57. Kf4 Nxe3 58. Rxe3 Rxa4+ 59. Re4 Ra7 60. f6 Kf7 61. Kf5 Rb7 62. Re5 h6 63. h5 Ra7 64. Rb5 Rc7 65. Ke5 Ra7 66. Rc5 Rb7 67. Kf5 Ra7 68. Re5 Rb7 69. Re7+ Rxe7 70. fxe7 Kxe7 71. Kg6 Kf8 72. Kh7 Kf7 73. Kxh6 Kg8 74. Kg6 Kh8 75. h6 Kg8 76. h7+ Kh8 77. Kh6 1/2-1/2